[Event "Deutsche Ländermeisterschaft 2023"]
[Site "Hannover GER"]
[Date "2023.10.01"]
[Round "1"]
[White "Weihrauch, Jakob"]
[Black "Hinrichs, Paul"]
[Result "0-1"]
[Termination "normal"]
[Board "3.1"]
[WhiteTitle "FM"]
[WhiteElo "2308"]
[BlackElo "2231"]
[WhiteClock "00:15:50"]
[BlackClock "00:33:37"]
[WhiteTeam "Hamburg"]
[BlackTeam "Rheinland-Pfalz"]
[PlyCount "94"]
[WhiteFideId "16210115"]
[BlackFideId "12942545"]
[EventCountry "GER"]
[EventRounds "7"]
[EventType "team-swiss"]
[EventDate "2023.09.30"]

1. e4 {[%clk 01:30:57]} {[%emt 00:00:03]} e5 {[%clk 01:30:52]} {[%emt
00:00:08]} 2. Nf3 {[%clk 01:31:19]} {[%emt 00:00:08]} Nc6 {[%clk 01:31:17]}
{[%emt 00:00:04]} 3. Bb5 {[%clk 01:31:31]} {[%emt 00:00:18]} a6 {[%clk
01:31:41]} {[%emt 00:00:06]} 4. Ba4 {[%clk 01:31:59]} {[%emt 00:00:03]} d6
{[%clk 01:31:24]} {[%emt 00:00:46]} 5. O-O {[%clk 01:29:31]} {[%emt 00:02:58]}
b5 {[%clk 01:29:22]} {[%emt 00:02:32]} 6. Bb3 {[%clk 01:30:01]} Nf6 {[%clk
01:29:43]} {[%emt 00:00:10]} 7. c3 {[%clk 01:26:55]} {[%emt 00:03:36]} Be7
{[%clk 01:29:51]} {[%emt 00:00:21]} 8. h3 {[%clk 01:25:05]} {[%emt 00:02:20]}
O-O {[%clk 01:29:38]} {[%emt 00:00:42]} 9. d4 {[%clk 01:20:19]} {[%emt
00:05:17]} Bb7 {[%clk 01:29:16]} {[%emt 00:00:52]} 10. Re1 {[%clk 01:19:41]}
{[%emt 00:01:08]} Re8 {[%clk 01:29:36]} {[%emt 00:00:09]} 11. Nbd2 {[%clk
01:19:45]} {[%emt 00:00:26]} Bf8 {[%clk 01:28:48]} {[%emt 00:01:19]} 12. a3
{[%clk 01:19:33]} {[%emt 00:00:42]} g6 {[%clk 01:14:59]} {[%emt 00:14:19]} 13.
Bc2 {[%clk 01:14:50]} {[%emt 00:05:13]} Bg7 {[%clk 01:09:10]} {[%emt 00:06:18]}
14. b4 {[%clk 01:09:16]} {[%emt 00:06:04]} d5 {[%clk 01:06:18]} {[%emt
00:03:22]} 15. dxe5 {[%clk 01:03:20]} {[%emt 00:06:26]} Nxe5 {[%clk 01:06:17]}
{[%emt 00:00:31]} 16. Nxe5 {[%clk 00:57:13]} {[%emt 00:06:38]} Rxe5 {[%clk
01:05:07]} {[%emt 00:01:40]} 17. Nf3 {[%clk 00:43:53]} {[%emt 00:13:50]} Re6
{[%clk 00:52:57]} {[%emt 00:12:40]} 18. Nd4 {[%clk 00:30:37]} {[%emt 00:13:46]}
Re8 {[%clk 00:51:49]} {[%emt 00:01:37]} 19. e5 {[%clk 00:29:15]} {[%emt
00:01:53]} Ne4 {[%clk 00:51:29]} {[%emt 00:00:49]} 20. f3 {[%clk 00:26:25]}
{[%emt 00:03:21]} Nxc3 {[%clk 00:49:00]} {[%emt 00:02:59]} 21. Qd3 {[%clk
00:24:13]} {[%emt 00:02:42]} Na4 {[%clk 00:44:49]} {[%emt 00:04:41]} 22. Bxa4
{[%clk 00:21:03]} {[%emt 00:03:40]} bxa4 {[%clk 00:36:02]} {[%emt 00:09:16]}
23. Bf4 {[%clk 00:19:51]} {[%emt 00:01:43]} c6 {[%clk 00:29:03]} {[%emt
00:07:29]} 24. Rac1 {[%clk 00:17:46]} {[%emt 00:02:34]} Rc8 {[%clk 00:28:21]}
{[%emt 00:01:12]} 25. Rc5 {[%clk 00:15:01]} {[%emt 00:03:16]} Bf8 {[%clk
00:20:07]} {[%emt 00:08:44]} 26. Qd2 {[%clk 00:10:50]} {[%emt 00:04:41]} Qb6
{[%clk 00:18:16]} {[%emt 00:02:20]} 27. Qc3 {[%clk 00:05:37]} {[%emt 00:05:44]}
a5 {[%clk 00:18:08]} {[%emt 00:00:38]} 28. e6 {[%clk 00:03:24]} {[%emt
00:02:43]} axb4 {[%clk 00:17:00]} {[%emt 00:01:37]} 29. axb4 {[%clk 00:03:49]}
{[%emt 00:00:05]} Qd8 {[%clk 00:07:43]} {[%emt 00:09:46]} 30. Ra5 {[%clk
00:01:24]} {[%emt 00:02:56]} Ra8 {[%clk 00:04:16]} {[%emt 00:03:57]} 31. exf7+
{[%clk 00:00:55]} {[%emt 00:00:58]} Kxf7 {[%clk 00:04:35]} {[%emt 00:00:11]}
32. Rxe8 {[%clk 00:00:34]} {[%emt 00:00:52]} Qxe8 {[%clk 00:05:01]} {[%emt
00:00:04]} 33. Rxa8 {[%clk 00:00:39]} {[%emt 00:00:25]} Qxa8 {[%clk 00:04:34]}
{[%emt 00:00:57]} 34. b5 {[%clk 00:01:03]} {[%emt 00:00:06]} c5 {[%clk
00:04:46]} {[%emt 00:00:17]} 35. Nc2 {[%clk 00:01:10]} {[%emt 00:00:23]} d4
{[%clk 00:05:02]} {[%emt 00:00:15]} 36. Qd3 {[%clk 00:01:04]} {[%emt 00:00:36]}
Bd5 {[%clk 00:04:55]} {[%emt 00:00:37]} 37. Na3 {[%clk 00:01:26]} {[%emt
00:00:08]} Qc8 {[%clk 00:04:13]} {[%emt 00:01:11]} 38. Nc4 {[%clk 00:01:08]}
{[%emt 00:00:49]} Qe6 {[%clk 00:04:35]} {[%emt 00:00:08]} 39. Ne5+ {[%clk
00:00:39]} {[%emt 00:00:59]} Kg7 {[%clk 00:05:00]} {[%emt 00:00:04]} 40. Qd2
{[%clk 00:01:00]} {[%emt 00:00:10]} Bd6 {[%clk 00:05:04]} {[%emt 00:00:26]} 41.
Ng4 {[%clk 00:28:01]} {[%emt 00:03:29]} a3 {[%clk 00:34:14]} {[%emt 00:01:20]}
42. Bxd6 {[%clk 00:23:19]} {[%emt 00:05:11]} Qxd6 {[%clk 00:34:38]} {[%emt
00:00:06]} 43. Qa5 {[%clk 00:21:20]} {[%emt 00:02:30]} a2 {[%clk 00:34:54]}
{[%emt 00:00:13]} 44. b6 {[%clk 00:19:49]} {[%emt 00:02:01]} Qc6 {[%clk
00:32:52]} {[%emt 00:02:32]} 45. Ne5 {[%clk 00:18:05]} {[%emt 00:02:14]} Qa8
{[%clk 00:33:02]} {[%emt 00:00:20]} 46. Qxc5 {[%clk 00:15:22]} {[%emt
00:03:14]} a1=Q+ {[%clk 00:33:19]} {[%emt 00:00:12]} 47. Kh2 {[%clk 00:15:50]}
{[%emt 00:00:03]} Qd8 {[%clk 00:33:37]} {[%emt 00:00:11]} 0-1

[Event "Deutsche Ländermeisterschaft 2023"]
[Site "Hannover GER"]
[Date "2023.10.01"]
[Round "1"]
[White "Sidletskyi, Ivan"]
[Black "Avdic, Faris"]
[Result "0-1"]
[Termination "normal"]
[Board "3.2"]
[WhiteTitle "FM"]
[WhiteElo "2354"]
[BlackElo "2106"]
[WhiteClock "00:17:26"]
[BlackClock "01:14:19"]
[WhiteTeam "Rheinland-Pfalz"]
[BlackTeam "Hamburg"]
[PlyCount "116"]
[WhiteFideId "14156024"]
[BlackFideId "14422328"]
[EventCountry "GER"]
[EventRounds "7"]
[EventType "team-swiss"]
[EventDate "2023.09.30"]

1. e4 {[%clk 01:29:55]} {[%emt 00:01:04]} e6 {[%clk 01:30:44]} {[%emt
00:00:16]} 2. d4 {[%clk 01:29:41]} {[%emt 00:00:44]} d5 {[%clk 01:31:05]}
{[%emt 00:00:09]} 3. Nd2 {[%clk 01:29:18]} {[%emt 00:00:53]} c5 {[%clk
01:31:25]} {[%emt 00:00:09]} 4. Ngf3 {[%clk 01:29:26]} {[%emt 00:00:23]} Nf6
{[%clk 01:31:14]} {[%emt 00:00:40]} 5. exd5 {[%clk 01:29:16]} {[%emt 00:00:41]}
Nxd5 {[%clk 01:31:31]} {[%emt 00:00:12]} 6. Nb3 {[%clk 01:28:27]} {[%emt
00:01:20]} cxd4 {[%clk 01:31:21]} {[%emt 00:00:39]} 7. Nbxd4 {[%clk 01:28:30]}
{[%emt 00:00:29]} Bb4+ {[%clk 01:31:21]} {[%emt 00:00:30]} 8. Bd2 {[%clk
01:26:20]} {[%emt 00:02:40]} O-O {[%clk 01:31:24]} {[%emt 00:00:25]} 9. c4
{[%clk 01:16:19]} {[%emt 00:10:33]} Bxd2+ {[%clk 01:30:14]} {[%emt 00:01:38]}
10. Qxd2 {[%clk 01:16:41]} {[%emt 00:00:09]} Nf6 {[%clk 01:30:36]} {[%emt
00:00:08]} 11. O-O-O {[%clk 01:13:24]} {[%emt 00:03:48]} Qb6 {[%clk 01:26:16]}
{[%emt 00:04:50]} 12. Bd3 {[%clk 01:08:24]} {[%emt 00:05:30]} Nc6 {[%clk
01:20:57]} {[%emt 00:05:48]} 13. Nxc6 {[%clk 00:57:27]} {[%emt 00:11:27]} Qxc6
{[%clk 01:20:32]} {[%emt 00:00:54]} 14. Ne5 {[%clk 00:55:40]} {[%emt 00:02:18]}
Qc7 {[%clk 01:17:40]} {[%emt 00:03:22]} 15. Qc3 {[%clk 00:39:01]} {[%emt
00:17:09]} Nd7 {[%clk 01:09:36]} {[%emt 00:08:33]} 16. Rhe1 {[%clk 00:36:41]}
{[%emt 00:02:52]} Nxe5 {[%clk 01:04:57]} {[%emt 00:05:09]} 17. Rxe5 {[%clk
00:37:07]} {[%emt 00:00:04]} f6 {[%clk 01:05:03]} {[%emt 00:00:23]} 18. Re3
{[%clk 00:32:05]} {[%emt 00:05:32]} e5 {[%clk 00:55:59]} {[%emt 00:09:34]} 19.
Kb1 {[%clk 00:26:08]} {[%emt 00:06:28]} Bg4 {[%clk 00:54:26]} {[%emt 00:02:02]}
20. Rde1 {[%clk 00:23:52]} {[%emt 00:02:47]} Rad8 {[%clk 00:53:55]} {[%emt
00:01:01]} 21. Qc2 {[%clk 00:22:51]} {[%emt 00:01:31]} h6 {[%clk 00:53:12]}
{[%emt 00:01:13]} 22. f3 {[%clk 00:14:30]} {[%emt 00:08:52]} Bh5 {[%clk
00:52:59]} {[%emt 00:00:42]} 23. g4 {[%clk 00:12:50]} {[%emt 00:02:11]} Bf7
{[%clk 00:52:53]} {[%emt 00:00:36]} 24. g5 {[%clk 00:08:23]} {[%emt 00:04:57]}
fxg5 {[%clk 00:49:23]} {[%emt 00:03:59]} 25. Rxe5 {[%clk 00:08:44]} {[%emt
00:00:10]} Qc6 {[%clk 00:45:08]} {[%emt 00:04:45]} 26. Be4 {[%clk 00:07:44]}
{[%emt 00:01:30]} Qxc4 {[%clk 00:44:54]} {[%emt 00:00:45]} 27. Qxc4 {[%clk
00:07:38]} {[%emt 00:00:35]} Bxc4 {[%clk 00:45:15]} {[%emt 00:00:09]} 28. Bxb7
{[%clk 00:07:55]} {[%emt 00:00:14]} Rd2 {[%clk 00:44:09]} {[%emt 00:01:35]} 29.
h3 {[%clk 00:03:19]} {[%emt 00:05:06]} Bd3+ {[%clk 00:41:56]} {[%emt 00:02:43]}
30. Ka1 {[%clk 00:03:39]} {[%emt 00:00:10]} Rd8 {[%clk 00:42:08]} {[%emt
00:00:17]} 31. Rd5 {[%clk 00:00:39]} {[%emt 00:03:31]} Bf5 {[%clk 00:41:54]}
{[%emt 00:00:43]} 32. Rxd8+ {[%clk 00:00:38]} {[%emt 00:00:32]} Rxd8 {[%clk
00:42:21]} {[%emt 00:00:03]} 33. a4 {[%clk 00:00:33]} {[%emt 00:00:35]} Bxh3
{[%clk 00:42:39]} {[%emt 00:00:11]} 34. a5 {[%clk 00:00:34]} {[%emt 00:00:30]}
Kf7 {[%clk 00:41:42]} {[%emt 00:01:26]} 35. a6 {[%clk 00:00:44]} {[%emt
00:00:21]} Bc8 {[%clk 00:39:39]} {[%emt 00:02:31]} 36. Bxc8 {[%clk 00:00:32]}
{[%emt 00:00:44]} Rxc8 {[%clk 00:40:06]} {[%emt 00:00:02]} 37. b4 {[%clk
00:00:42]} {[%emt 00:00:20]} h5 {[%clk 00:38:22]} {[%emt 00:02:14]} 38. Kb2
{[%clk 00:00:38]} {[%emt 00:00:34]} Rc6 {[%clk 00:38:36]} {[%emt 00:00:16]} 39.
Re5 {[%clk 00:00:34]} {[%emt 00:00:34]} Rxa6 {[%clk 00:38:50]} {[%emt
00:00:16]} 40. Rxg5 {[%clk 00:00:58]} {[%emt 00:00:06]} g6 {[%clk 00:39:09]}
{[%emt 00:00:11]} 41. b5 {[%clk 00:00:58]} {[%emt 00:00:30]} Rf6 {[%clk
00:39:26]} {[%emt 00:00:12]} 42. Rc5 {[%clk 00:01:09]} {[%emt 00:00:19]} Ke6
{[%clk 00:39:31]} {[%emt 00:00:25]} 43. Rc7 {[%clk 00:00:56]} {[%emt 00:00:43]}
Rf7 {[%clk 00:39:43]} {[%emt 00:00:18]} 44. Rc6+ {[%clk 00:00:54]} {[%emt
00:00:33]} Kf5 {[%clk 00:40:06]} {[%emt 00:00:07]} 45. Kc3 {[%clk 00:00:55]}
{[%emt 00:00:28]} h4 {[%clk 00:40:02]} {[%emt 00:00:35]} 46. Kd3 {[%clk
00:00:58]} {[%emt 00:00:27]} Re7 {[%clk 00:40:18]} {[%emt 00:00:13]} 47. Rc5+
{[%clk 00:28:00]} {[%emt 00:03:29]} Kf4 {[%clk 01:10:27]} {[%emt 00:00:20]} 48.
Rc4+ {[%clk 00:28:24]} {[%emt 00:00:06]} Kxf3 {[%clk 01:10:50]} {[%emt
00:00:07]} 49. Rxh4 {[%clk 00:28:45]} {[%emt 00:00:10]} Rd7+ {[%clk 01:11:15]}
{[%emt 00:00:04]} 50. Kc4 {[%clk 00:28:34]} {[%emt 00:00:41]} g5 {[%clk
01:11:38]} {[%emt 00:00:07]} 51. Rh8 {[%clk 00:21:56]} {[%emt 00:07:08]} g4
{[%clk 01:11:58]} {[%emt 00:00:11]} 52. Rf8+ {[%clk 00:19:43]} {[%emt
00:02:42]} Kg2 {[%clk 01:12:20]} {[%emt 00:00:07]} 53. Rg8 {[%clk 00:20:09]}
{[%emt 00:00:04]} g3 {[%clk 01:12:42]} {[%emt 00:00:08]} 54. Kb4 {[%clk
00:20:32]} {[%emt 00:00:07]} Kf2 {[%clk 01:13:05]} {[%emt 00:00:06]} 55. Ka5
{[%clk 00:20:17]} {[%emt 00:00:46]} g2 {[%clk 01:13:26]} {[%emt 00:00:08]} 56.
Rf8+ {[%clk 00:20:45]} {[%emt 00:00:03]} Kg1 {[%clk 01:13:39]} {[%emt
00:00:17]} 57. Rg8 {[%clk 00:20:19]} {[%emt 00:00:56]} Rf7 {[%clk 01:13:59]}
{[%emt 00:00:09]} 58. Ka6 {[%clk 00:17:26]} {[%emt 00:03:24]} Kf1 {[%clk
01:14:19]} {[%emt 00:00:10]} 0-1

[Event "Deutsche Ländermeisterschaft 2023"]
[Site "Hannover GER"]
[Date "2023.10.01"]
[Round "1"]
[White "Gröschel, Karoline"]
[Black "Hubert, Charlotte"]
[Result "1/2-1/2"]
[Termination "normal"]
[Board "3.4"]
[WhiteElo "1962"]
[BlackElo "1850"]
[WhiteClock "00:32:16"]
[BlackClock "00:29:12"]
[WhiteTeam "Rheinland-Pfalz"]
[BlackTeam "Hamburg"]
[PlyCount "109"]
[WhiteFideId "34610537"]
[BlackFideId "16265920"]
[EventCountry "GER"]
[EventRounds "7"]
[EventType "team-swiss"]
[EventDate "2023.09.30"]

1. e4 {[%clk 01:30:58]} {[%emt 00:00:02]} c5 {[%clk 01:30:51]} {[%emt
00:00:09]} 2. Nf3 {[%clk 01:31:24]} {[%emt 00:00:04]} d6 {[%clk 01:31:14]}
{[%emt 00:00:07]} 3. d4 {[%clk 01:31:51]} {[%emt 00:00:03]} cxd4 {[%clk
01:31:38]} {[%emt 00:00:06]} 4. Qxd4 {[%clk 01:32:15]} {[%emt 00:00:04]} Nc6
{[%clk 01:31:58]} {[%emt 00:00:13]} 5. Qe3 {[%clk 01:32:37]} {[%emt 00:00:08]}
g6 {[%clk 01:31:31]} {[%emt 00:00:56]} 6. Be2 {[%clk 01:32:06]} {[%emt
00:01:01]} Bg7 {[%clk 01:23:52]} {[%emt 00:08:08]} 7. O-O {[%clk 01:32:05]}
{[%emt 00:00:32]} Nf6 {[%clk 01:22:00]} {[%emt 00:02:22]} 8. h3 {[%clk
01:32:24]} {[%emt 00:00:11]} O-O {[%clk 01:19:33]} {[%emt 00:02:57]} 9. Rd1
{[%clk 01:32:52]} {[%emt 00:00:03]} Bd7 {[%clk 01:13:23]} {[%emt 00:06:40]} 10.
c4 {[%clk 01:31:36]} {[%emt 00:01:45]} Qc7 {[%clk 01:07:31]} {[%emt 00:06:22]}
11. Nc3 {[%clk 01:25:51]} {[%emt 00:06:16]} a6 {[%clk 01:03:16]} {[%emt
00:04:45]} 12. Qf4 {[%clk 01:18:40]} {[%emt 00:07:40]} Rac8 {[%clk 00:47:12]}
{[%emt 00:16:34]} 13. Qh4 {[%clk 01:03:21]} {[%emt 00:15:49]} Ne5 {[%clk
00:43:57]} {[%emt 00:03:45]} 14. Nxe5 {[%clk 01:01:44]} {[%emt 00:02:08]} dxe5
{[%clk 00:44:22]} {[%emt 00:00:04]} 15. Bg5 {[%clk 01:00:18]} {[%emt 00:01:56]}
Be6 {[%clk 00:39:39]} {[%emt 00:05:13]} 16. Rac1 {[%clk 00:52:40]} {[%emt
00:08:09]} Qa5 {[%clk 00:36:51]} {[%emt 00:03:18]} 17. Nd5 {[%clk 00:37:08]}
{[%emt 00:16:02]} Bxd5 {[%clk 00:36:07]} {[%emt 00:01:14]} 18. exd5 {[%clk
00:37:33]} {[%emt 00:00:06]} Rfd8 {[%clk 00:18:52]} {[%emt 00:17:45]} 19. a3
{[%clk 00:30:39]} {[%emt 00:07:23]} Rd7 {[%clk 00:13:51]} {[%emt 00:05:32]} 20.
Rd3 {[%clk 00:24:51]} {[%emt 00:06:18]} Qd8 {[%clk 00:12:16]} {[%emt 00:02:04]}
21. b4 {[%clk 00:22:11]} {[%emt 00:03:10]} b5 {[%clk 00:10:37]} {[%emt
00:02:10]} 22. Bxf6 {[%clk 00:18:50]} {[%emt 00:03:51]} Bxf6 {[%clk 00:10:36]}
{[%emt 00:00:30]} 23. Qe4 {[%clk 00:19:15]} {[%emt 00:00:05]} Bg5 {[%clk
00:06:31]} {[%emt 00:04:35]} 24. Rc2 {[%clk 00:18:20]} {[%emt 00:01:25]} Bf4
{[%clk 00:05:52]} {[%emt 00:01:09]} 25. Rd1 {[%clk 00:16:15]} {[%emt 00:02:35]}
e6 {[%clk 00:04:48]} {[%emt 00:01:34]} 26. cxb5 {[%clk 00:13:24]} {[%emt
00:03:22]} exd5 {[%clk 00:04:02]} {[%emt 00:01:16]} 27. Rxc8 {[%clk 00:12:40]}
{[%emt 00:01:13]} Qxc8 {[%clk 00:04:22]} {[%emt 00:00:10]} 28. Rxd5 {[%clk
00:12:02]} {[%emt 00:01:08]} Rxd5 {[%clk 00:02:49]} {[%emt 00:02:03]} 29. Qxd5
{[%clk 00:12:05]} {[%emt 00:00:26]} Qc1+ {[%clk 00:03:07]} {[%emt 00:00:12]}
30. Bf1 {[%clk 00:12:29]} {[%emt 00:00:06]} axb5 {[%clk 00:03:25]} {[%emt
00:00:12]} 31. Qb3 {[%clk 00:07:51]} {[%emt 00:05:08]} e4 {[%clk 00:01:58]}
{[%emt 00:01:57]} 32. g3 {[%clk 00:06:02]} {[%emt 00:02:19]} Bd2 {[%clk
00:01:44]} {[%emt 00:00:44]} 33. Kg2 {[%clk 00:04:54]} {[%emt 00:01:38]} Qc6
{[%clk 00:01:31]} {[%emt 00:00:43]} 34. Kh2 {[%clk 00:04:18]} {[%emt 00:01:06]}
e3 {[%clk 00:01:36]} {[%emt 00:00:26]} 35. fxe3 {[%clk 00:02:51]} {[%emt
00:01:57]} Qf3 {[%clk 00:01:59]} {[%emt 00:00:06]} 36. Qd3 {[%clk 00:01:34]}
{[%emt 00:01:46]} Qf2+ {[%clk 00:01:31]} {[%emt 00:00:58]} 37. Bg2 {[%clk
00:01:53]} {[%emt 00:00:11]} Bxe3 {[%clk 00:01:26]} {[%emt 00:00:36]} 38. Qd1
{[%clk 00:01:05]} {[%emt 00:01:17]} Kg7 {[%clk 00:01:18]} {[%emt 00:00:38]} 39.
Qf1 {[%clk 00:00:58]} {[%emt 00:00:37]} Qxf1 {[%clk 00:00:54]} {[%emt
00:00:54]} 40. Bxf1 {[%clk 00:01:24]} {[%emt 00:00:04]} Bc1 {[%clk 00:01:21]}
{[%emt 00:00:04]} 41. Bxb5 {[%clk 00:01:20]} {[%emt 00:00:34]} Bxa3 {[%clk
00:01:43]} {[%emt 00:00:07]} 42. Bc4 {[%clk 00:01:45]} {[%emt 00:00:05]} Bxb4
{[%clk 00:02:09]} {[%emt 00:00:04]} 43. Kg2 {[%clk 00:01:23]} {[%emt 00:00:52]}
f5 {[%clk 00:30:20]} {[%emt 00:02:19]} 44. Kf3 {[%clk 00:31:43]} {[%emt
00:00:10]} Bd6 {[%clk 00:30:37]} {[%emt 00:00:13]} 45. h4 {[%clk 00:30:21]}
{[%emt 00:01:51]} Kh6 {[%clk 00:30:26]} {[%emt 00:00:41]} 46. Bg8 {[%clk
00:30:24]} {[%emt 00:00:27]} Kg7 {[%clk 00:30:47]} {[%emt 00:00:10]} 47. Bc4
{[%clk 00:30:49]} {[%emt 00:00:05]} Kf6 {[%clk 00:31:06]} {[%emt 00:00:10]} 48.
Bb3 {[%clk 00:31:05]} {[%emt 00:00:14]} h6 {[%clk 00:31:27]} {[%emt 00:00:10]}
49. Bc4 {[%clk 00:31:26]} {[%emt 00:00:09]} Ke5 {[%clk 00:31:48]} {[%emt
00:00:09]} 50. Bb3 {[%clk 00:31:03]} {[%emt 00:00:53]} Kf6 {[%clk 00:29:54]}
{[%emt 00:02:24]} 51. Bc4 {[%clk 00:31:26]} {[%emt 00:00:08]} g5 {[%clk
00:28:33]} {[%emt 00:01:50]} 52. hxg5+ {[%clk 00:31:51]} {[%emt 00:00:05]} hxg5
{[%clk 00:28:45]} {[%emt 00:00:18]} 53. g4 {[%clk 00:31:52]} {[%emt 00:00:29]}
fxg4+ {[%clk 00:28:45]} {[%emt 00:00:30]} 54. Kxg4 {[%clk 00:32:16]} {[%emt
00:00:07]} Ke5 {[%clk 00:29:12]} {[%emt 00:00:03]} 55. Kxg5 {[%emt 00:00:14]}
1/2-1/2

[Event "Deutsche Ländermeisterschaft 2023"]
[Site "Hannover GER"]
[Date "2023.10.01"]
[Round "1"]
[White "Lu, Yunong Elias"]
[Black "Weber, Nikita"]
[Result "1/2-1/2"]
[Termination "normal"]
[Board "3.5"]
[WhiteElo "1828"]
[BlackElo "1865"]
[WhiteClock "00:16:29"]
[BlackClock "00:03:32"]
[WhiteTeam "Hamburg"]
[BlackTeam "Rheinland-Pfalz"]
[PlyCount "106"]
[WhiteFideId "16276426"]
[BlackFideId "34608770"]
[EventCountry "GER"]
[EventRounds "7"]
[EventType "team-swiss"]
[EventDate "2023.09.30"]

1. e4 {[%clk 01:30:56]} {[%emt 00:00:02]} c6 {[%clk 01:30:54]} {[%emt
00:00:06]} 2. Nc3 {[%clk 01:31:13]} {[%emt 00:00:13]} d5 {[%clk 01:31:23]}
{[%emt 00:00:02]} 3. Nf3 {[%clk 01:31:34]} {[%emt 00:00:09]} Bg4 {[%clk
01:31:51]} {[%emt 00:00:02]} 4. h3 {[%clk 01:31:54]} {[%emt 00:00:11]} Bxf3
{[%clk 01:32:19]} {[%emt 00:00:01]} 5. Qxf3 {[%clk 01:32:09]} {[%emt 00:00:15]}
e6 {[%clk 01:32:43]} {[%emt 00:00:06]} 6. g3 {[%clk 01:32:33]} {[%emt
00:00:06]} Nd7 {[%clk 01:33:07]} {[%emt 00:00:05]} 7. d4 {[%clk 01:32:34]}
{[%emt 00:00:30]} Qb6 {[%clk 01:32:50]} {[%emt 00:00:45]} 8. Qd3 {[%clk
01:30:44]} {[%emt 00:02:22]} dxe4 {[%clk 01:26:00]} {[%emt 00:07:20]} 9. Nxe4
{[%clk 01:17:10]} {[%emt 00:14:02]} Ngf6 {[%clk 01:22:16]} {[%emt 00:04:15]}
10. c3 {[%clk 01:14:43]} {[%emt 00:02:57]} Nxe4 {[%clk 01:20:35]} {[%emt
00:02:11]} 11. Qxe4 {[%clk 01:15:05]} {[%emt 00:00:08]} Nf6 {[%clk 01:20:55]}
{[%emt 00:00:10]} 12. Qc2 {[%clk 01:15:23]} {[%emt 00:00:13]} Bd6 {[%clk
01:19:31]} {[%emt 00:01:54]} 13. Bg2 {[%clk 01:14:58]} {[%emt 00:00:55]} O-O
{[%clk 01:18:51]} {[%emt 00:01:09]} 14. O-O {[%clk 01:15:16]} {[%emt 00:00:14]}
h6 {[%clk 01:15:24]} {[%emt 00:03:56]} 15. Be3 {[%clk 01:11:55]} {[%emt
00:03:51]} Nd5 {[%clk 01:13:30]} {[%emt 00:02:24]} 16. Rae1 {[%clk 01:11:02]}
{[%emt 00:01:24]} Qa6 {[%clk 01:00:34]} {[%emt 00:13:25]} 17. Bxd5 {[%clk
01:08:21]} {[%emt 00:03:11]} cxd5 {[%clk 01:00:19]} {[%emt 00:00:44]} 18. a3
{[%clk 01:07:24]} {[%emt 00:01:29]} Rfc8 {[%clk 00:57:12]} {[%emt 00:03:36]}
19. f4 {[%clk 01:07:08]} {[%emt 00:00:46]} Rc6 {[%clk 00:46:21]} {[%emt
00:11:21]} 20. Kh2 {[%clk 01:06:56]} {[%emt 00:00:42]} f5 {[%clk 00:32:49]}
{[%emt 00:14:02]} 21. Bc1 {[%clk 01:05:56]} {[%emt 00:01:30]} Rac8 {[%clk
00:31:22]} {[%emt 00:01:57]} 22. Rf3 {[%clk 01:04:00]} {[%emt 00:02:25]} Be7
{[%clk 00:27:56]} {[%emt 00:03:55]} 23. g4 {[%clk 01:02:08]} {[%emt 00:02:23]}
fxg4 {[%clk 00:23:44]} {[%emt 00:04:43]} 24. hxg4 {[%clk 01:02:17]} {[%emt
00:00:20]} Bf6 {[%clk 00:23:18]} {[%emt 00:00:56]} 25. Qf2 {[%clk 01:02:02]}
{[%emt 00:00:45]} Qb6 {[%clk 00:22:37]} {[%emt 00:01:11]} 26. g5 {[%clk
01:01:18]} {[%emt 00:01:14]} Bxd4 {[%clk 00:20:53]} {[%emt 00:02:13]} 27. Qf1
{[%clk 01:00:18]} {[%emt 00:01:31]} Qc7 {[%clk 00:16:33]} {[%emt 00:04:50]} 28.
gxh6 {[%clk 00:58:50]} {[%emt 00:01:57]} gxh6 {[%clk 00:15:43]} {[%emt
00:01:20]} 29. Qh3 {[%clk 00:59:08]} {[%emt 00:00:13]} Bg7 {[%clk 00:08:52]}
{[%emt 00:07:21]} 30. Rg3 {[%clk 00:56:53]} {[%emt 00:02:45]} Kh7 {[%clk
00:08:08]} {[%emt 00:01:14]} 31. Rxe6 {[%clk 00:53:11]} {[%emt 00:04:12]} Rxe6
{[%clk 00:06:14]} {[%emt 00:02:24]} 32. Qxe6 {[%clk 00:53:23]} {[%emt
00:00:19]} d4 {[%clk 00:05:01]} {[%emt 00:01:43]} 33. f5 {[%clk 00:47:20]}
{[%emt 00:06:33]} Qc6 {[%clk 00:04:51]} {[%emt 00:00:40]} 34. Qg6+ {[%clk
00:20:22]} {[%emt 00:27:27]} Qxg6 {[%clk 00:05:16]} {[%emt 00:00:04]} 35. fxg6+
{[%clk 00:20:48]} {[%emt 00:00:04]} Kg8 {[%clk 00:05:35]} {[%emt 00:00:11]} 36.
Kg2 {[%clk 00:19:09]} {[%emt 00:02:10]} dxc3 {[%clk 00:04:23]} {[%emt
00:01:41]} 37. bxc3 {[%clk 00:18:34]} {[%emt 00:01:05]} b5 {[%clk 00:04:31]}
{[%emt 00:00:22]} 38. Bd2 {[%clk 00:18:02]} {[%emt 00:01:03]} Rd8 {[%clk
00:04:29]} {[%emt 00:00:31]} 39. Be3 {[%clk 00:17:25]} {[%emt 00:01:07]} a6
{[%clk 00:04:36]} {[%emt 00:00:23]} 40. Bc5 {[%clk 00:15:43]} {[%emt 00:02:13]}
Rd2+ {[%clk 00:04:31]} {[%emt 00:00:34]} 41. Kh3 {[%clk 00:15:12]} {[%emt
00:01:01]} Rc2 {[%clk 00:03:39]} {[%emt 00:01:21]} 42. Bb4 {[%clk 00:15:22]}
{[%emt 00:00:22]} Bf6 {[%clk 00:03:47]} {[%emt 00:00:21]} 43. Re3 {[%clk
00:15:00]} {[%emt 00:00:53]} Kg7 {[%clk 00:03:05]} {[%emt 00:01:12]} 44. Re6
{[%clk 00:13:20]} {[%emt 00:02:09]} Bxc3 {[%clk 00:02:06]} {[%emt 00:01:30]}
45. Rc6 {[%clk 00:13:24]} {[%emt 00:00:26]} Bxb4 {[%clk 00:02:33]} {[%emt
00:00:03]} 46. Rxc2 {[%clk 00:13:50]} {[%emt 00:00:04]} Bxa3 {[%clk 00:02:48]}
{[%emt 00:00:14]} 47. Rc7+ {[%clk 00:14:19]} {[%emt 00:00:02]} Kxg6 {[%clk
00:03:01]} {[%emt 00:00:16]} 48. Rc6+ {[%clk 00:14:46]} {[%emt 00:00:03]} Kg5
{[%clk 00:02:41]} {[%emt 00:00:50]} 49. Rxa6 {[%clk 00:15:11]} {[%emt
00:00:04]} b4 {[%clk 00:02:59]} {[%emt 00:00:13]} 50. Rb6 {[%clk 00:15:37]}
{[%emt 00:00:04]} Kf4 {[%clk 00:03:06]} {[%emt 00:00:23]} 51. Rxh6 {[%clk
00:15:37]} {[%emt 00:00:30]} Ke3 {[%clk 00:03:08]} {[%emt 00:00:27]} 52. Rb6
{[%clk 00:16:04]} {[%emt 00:00:04]} Kd3 {[%clk 00:03:32]} {[%emt 00:00:07]} 53.
Rxb4 {[%clk 00:16:29]} {[%emt 00:00:04]} Bxb4 {[%emt 00:00:13]} 1/2-1/2